000 00389cam a22001097a 4500
008 180718b1985 xxu||||| |||| 00| 0 eng d
082 _aT521043x5453 K45
245 _aAccounting procedure on the group insurance scheme for the state government employees
_cby Finance Department, Kerala
260 _aTrivandrum
_bGovernment Press
_c1985
300 _a23p
700 _aKerala. Finance Department
999 _c498241
_d498241